1417 1207 1379 1584 1824 1204 1210 1286 1659 1107 1976 1180 1702 1466 1395 1624 1860 1855 1896 1087 1611 1718 1089 1154 1916 1457 1232 1632 1755 1561 1919 1962 1016 1016 1254 1632 1396 1686 1354 1233 1101 1161 1328 1269 1891 1232 1015 1588 1010 1944 1709 1130 1925 1590 1656 1549 1514 1092 1503 1926 1191 1203 1352 1238 1396 1627 1756 1210 1573 1960 1624 1988 1219 1980 1442 1116 1062 1840 1111 1777 1258 1613 1161 1695 1624 1965 1162 1385 1031 1103 1270 1106 1541 1748 1024 1160 1929 1297 1597 BCNSPRNW ULIB Ver.6.0+V

เปลี่ยนเป็นภาษาไทย

Change to English
 แสดงรายละเอียดบรรณานุกรม
  กลับหน้าหลัก

Brief Record : Get Marc (ISO 2709) : E-mail record : QR code < ปิดหน้าต่าง
LEADER : 00000nam 2200000uu 4500
001    13399113417
003     ULIB
008    110627s2552||||th 000 0 tha d
020    9786115350049
090    นว.^bล455พ 2552
100 0  ลิลลี่พิงค์
245 00 พลิกรักสลับขั้วหัวใจของยังซินดี้กับนายแบดบอย/^cลิลลี่พิงค์
250    พิมพ์ครั้งที่ 1
260    กรุงเทพฯ :^bSugar rian,^c2552
300    169 หน้า
710 1  Sugar rian
945    ^p139^l0^i026031
995    ทศพร
999 ^a ใช้งานได้ทุกระบบ
รายการนี้ยังไม่มีแท็ก
คุณยังไม่ได้ล็อกอิน คุณสามารถมีกิจกรรมร่วมกับเว็บไซต์ได้ แต่ต้องล็อกอินก่อน ::
  ล็อกอิน

รายการสื่อสารสนเทศ

ลำดับที่ ประเภท เลขเรียก/บาร์โค้ด สถานที่ สถานะ
1. นวนิยาย
นวนิยาย
นว. ล455พ 2552 ฉ.1 
  Barcode: 026031
ห้องสมุดวิทยาเขตสวรรค์ประชารักษ์
►นวนิยาย
บนชั้น
  ขอยืม

BibComment


ยังไม่เคยถูกคอมเมนท์

คอมเมนท์ทรัพยากรรายการนี้
  คอมเมนท์: พลิกรักสลับขั้วหั..


 Copyright 2026. Bcnsprnw @Library